00577nam a2200145Ia 4500008004100000050002300041100002400064245006500088260008600153300003300239521002700272942000700299999001900306952010600325140724s9999 xx 000 0 und d aTS 155b.G573 2013 aGo, Benjamin III P. aInventory system for Liwayway Grocery /cBenjamin P. Go III. aLas Piñas, Philippines :bSouthville International School and Colleges,cc2013. a82 p. :bcol. Ill. ;c28 cm. aInformation Technology cTH c229106d229106 001040aCLbCLcTHESESd2014-07-24l0oTS 155 .G573 2013pT0460r2018-05-15 00:00:00w2014-07-24yTH